000
00332 a2200157 4500
001
159587
020
_a
040
_c
Magnum
100
_a
Azevedo, Rubens de
240
1
0
_a
O cometa de halley
_l
por
245
1
0
_a
O cometa de halley
362
0
_a
1899
440
1
_a
Editora do Brasil
697
_a
MAGNITO: GERAL
942
_c
BK
999
_c
159587
_d
159587